Who killed Karkare? : (Record no. 202891)
[ view plain ]
| 000 -LEADER | |
|---|---|
| fixed length control field | 01156 a2200253 4500 |
| 003 - CONTROL NUMBER IDENTIFIER | |
| control field | Nust |
| 005 - DATE AND TIME OF LATEST TRANSACTION | |
| control field | 20230210131212.0 |
| 010 ## - LIBRARY OF CONGRESS CONTROL NUMBER | |
| LC control number | 2009310904 |
| 020 ## - INTERNATIONAL STANDARD BOOK NUMBER | |
| International Standard Book Number | 8172210361 |
| 020 ## - INTERNATIONAL STANDARD BOOK NUMBER | |
| International Standard Book Number | 9788172210366 |
| 040 ## - CATALOGING SOURCE | |
| Transcribing agency | Nust |
| 082 ## - DEWEY DECIMAL CLASSIFICATION NUMBER | |
| Classification number | 958.1045,MUS |
| 100 1# - MAIN ENTRY--PERSONAL NAME | |
| Personal name | Mushrif, S. M. |
| 9 (RLIN) | 35663 |
| 245 10 - TITLE STATEMENT | |
| Title | Who killed Karkare? : |
| Remainder of title | the real face of terrorism in India / |
| Statement of responsibility, etc. | S.M. Mushrif. |
| 250 ## - EDITION STATEMENT | |
| Edition statement | 1st ed. |
| 260 ## - PUBLICATION, DISTRIBUTION, ETC. | |
| Place of publication, distribution, etc. | New Delhi : |
| Name of publisher, distributor, etc. | Pharos Media & Pub., |
| Date of publication, distribution, etc. | 2009. |
| 300 ## - PHYSICAL DESCRIPTION | |
| Extent | 319 p. ; |
| Dimensions | 23 cm. |
| 505 ## - FORMATTED CONTENTS NOTE | |
| Formatted contents note | Hindu Muslim Riots (Page-13), Switching Gears (Page-31), Bomb blast Investigations (Page-55), Naded Bomb blast (5 April 2006), Malgeaons Bomb Blast 2008 (Page-169), Who Killed Karkare (Page-181), The Investigation of the Mumbai Attack case (Page-229), Malegaons blast case of 2008 (Page-245), Dubious role of Maharashtrian (Page-267), The Chargesheet against th IB (Page-275), Urgent measures needed to save country (Page-285). |
| 600 10 - SUBJECT ADDED ENTRY--PERSONAL NAME | |
| Personal name | Karkare, Hemant, |
| Dates associated with a name | 1954-2008 |
| General subdivision | Assassination. |
| 9 (RLIN) | 108900 |
| 610 10 - SUBJECT ADDED ENTRY--CORPORATE NAME | |
| Corporate name or jurisdiction name as entry element | India. |
| Subordinate unit | Intelligence Bureau. |
| 9 (RLIN) | 108901 |
| 650 #0 - SUBJECT ADDED ENTRY--TOPICAL TERM | |
| Topical term or geographic name entry element | Communalism |
| Geographic subdivision | India. |
| 9 (RLIN) | 35665 |
| 650 #0 - SUBJECT ADDED ENTRY--TOPICAL TERM | |
| Topical term or geographic name entry element | Terrorism |
| Geographic subdivision | India. |
| 9 (RLIN) | 35664 |
| 942 ## - ADDED ENTRY ELEMENTS (KOHA) | |
| Source of classification or shelving scheme | |
| Koha item type | Book |
| Withdrawn status | Lost status | Source of classification or shelving scheme | Damaged status | Not for loan | Permanent Location | Current Location | Shelving location | Date acquired | Full call number | Barcode | Date last seen | Price effective from | Koha item type | Public note |
|---|---|---|---|---|---|---|---|---|---|---|---|---|---|---|
| Military College of Signals (MCS) | Military College of Signals (MCS) | General Stacks | 12/12/2016 | 958.1045,MUS | MCS37003 | 12/08/2016 | 12/12/2016 | Book | Almirah No.62, Shelf No.5 |
